000
00312nam a22001337a 4500
008
210226b ||||| |||| 00| 0 eng d
020
_a
0736089187
041
_a
eng
080
_2
2nd
_a
615.83
100
_a
8
101
_a
EGZ
245
_a
Adapted Physical Education and Sport
_c
Winnick ,P.J
942
_2
udc
_c
BK
999
_c
55268
_d
55268